[Event "ESP-chT CECLUB Div1"]
[Site "Linares"]
[Date "2020.10.09"]
[Round "7.4"]
[White "Gomez Dieguez, David"]
[Black "Herrera Delgado, Alejandro"]
[Result "1-0"]
[WhiteElo "2261"]
[BlackElo "2280"]
[PlyCount "91"]
[EventDate "2020.10.03"]
[EventType "team-tourn"]
[EventRounds "7"]
[EventCountry "ESP"]
[SourceTitle "CBM 198 Extra"]
[Source "ChessBase"]
[SourceDate "2020.11.30"]
[SourceVersion "1"]
[SourceVersionDate "2020.11.30"]
[SourceQuality "1"]
[WhiteTeam "Ourense Deportivo"]
[BlackTeam "Oromana Schneider Electric"]
[WhiteTeamCountry "ESP"]
[BlackTeamCountry "ESP"]

1. e4 c5 2. Nc3 Nc6 3. Nge2 g6 4. d4 cxd4 5. Nxd4 Bg7 6. Be3 Nf6 7. Bc4 0-0 8. Bb3 d6 9. f3 Bd7 10. h4 Rc8 11. Qd2 Nxd4 12. Bxd4 b5 13. h5 b4 14. Nd5 Nxd5 15. Bxd5 Rxc2 16. Qxc2 Bxd4 17. hxg6 hxg6 18. 0-0-0 Bg7 19. g4 Qb8 20. Qh2 Rd8 21. f4 Bxg4 22. Rdg1 Kf8 23. f5 gxf5 24. Kb1 e6 25. Bb3 d5 26. Qxb8 Rxb8 27. exd5 exd5 28. Bd1 Bxd1 29. Rxd1 d4 30. Rh5 Rb5 31. Rf1 Be5 32. Rfxf5 f6 33. Rxf6+ Bxf6 34. Rxb5 Ke7 35. Rxb4 Kd6 36. Ra4 Kc5 37. Rxa7 Kb6 38. Rf7 Be5 39. b3 Bh8 40. Kc2 Kc5 41. Kd3 Kb4 42. Rd7 Ka3 43. Rxd4 Kxa2 44. b4 Kb3 45. b5 Bxd4 46. Kxd4 1-0

[Event "ESP-chT CECLUB Div1"]
[Site "Linares"]
[Date "2020.10.06"]
[Round "4.4"]
[White "Herrera Delgado, Alejandro"]
[Black "Bayo Milagro, Alvaro"]
[Result "1/2-1/2"]
[WhiteElo "2280"]
[BlackElo "2255"]
[PlyCount "112"]
[EventDate "2020.10.03"]
[EventType "team-tourn"]
[EventRounds "7"]
[EventCountry "ESP"]
[SourceTitle "CBM 198 Extra"]
[Source "ChessBase"]
[SourceDate "2020.11.30"]
[SourceVersion "1"]
[SourceVersionDate "2020.11.30"]
[SourceQuality "1"]
[WhiteTeam "Oromana Schneider Electric"]
[BlackTeam "Stadium Casablanca"]
[WhiteTeamCountry "ESP"]
[BlackTeamCountry "ESP"]

1. e4 e6 2. d4 d5 3. Nc3 Nf6 4. e5 Nfd7 5. f4 c5 6. Nf3 Nc6 7. Be3 Be7 8. Qd2 0-0 9. Be2 f6 10. exf6 Nxf6 11. dxc5 Qa5 12. Nb5 Qxd2+ 13. Nxd2 a6 14. Nd4 Bxc5 15. c3 Bd7 16. Bf3 Rae8 17. N2b3 Bd6 18. Nxc6 Bxc6 19. 0-0 Ne4 20. g3 e5 21. fxe5 Bxe5 22. Bg2 Bf6 23. Rae1 Bb5 24. Rf5 Bc4 25. Bf1 Nd6 26. Rf3 Rf7 27. Bf2 Rxe1 28. Bxe1 Bxf1 29. Rxf1 Nc4 30. Rf2 Bd8 31. Re2 Re7 32. Kf1 Rxe2 33. Kxe2 Bb6 34. Bf2 Bxf2 35. Kxf2 b6 36. Nc1 Nxb2 37. Ke3 Kf7 38. Kd4 Ke6 39. Ne2 g5 40. h4 h6 41. hxg5 hxg5 42. g4 Nd1 43. Ng1 Nf2 44. Nf3 Nh3 45. a4 Kd6 46. Ne5 a5 47. Nf7+ Ke6 48. Nd8+ Kd7 49. Nf7 Ke6 50. Nd8+ Ke7 51. Nc6+ Kd6 52. Ne5 Nf2 53. Nf7+ Kc6 54. Ne5+ Kd6 55. Nf7+ Kc6 56. Ne5+ Kd6 1/2-1/2

[Event "ESP-chT CECLUB Div2"]
[Site "Linares"]
[Date "2018.08.15"]
[Round "2.7"]
[White "Herrera Delgado, Alejandro"]
[Black "Fernandez Barrera, Victor"]
[Result "1/2-1/2"]
[WhiteElo "2248"]
[BlackElo "2328"]
[PlyCount "43"]
[EventDate "2018.08.14"]
[EventType "team-swiss"]
[EventRounds "7"]
[EventCountry "ESP"]
[SourceTitle "CBM 186 Extra"]
[Source "ChessBase"]
[SourceDate "2018.08.24"]
[SourceVersion "1"]
[SourceVersionDate "2018.08.24"]
[SourceQuality "1"]
[WhiteTeam "Oromana Broncesval"]
[BlackTeam "Albacete Excalibur"]
[WhiteTeamCountry "ESP"]
[BlackTeamCountry "ESP"]

1. e4 e6 2. d4 d5 3. Nc3 Nf6 4. Bg5 Be7 5. e5 Nfd7 6. Bxe7 Qxe7 7. f4 a6 8. Nf3 c5 9. dxc5 Nc6 10. Bd3 Qxc5 11. Qd2 b5 12. Ne2 Nb6 13. b3 Bd7 14. Qc3 Qa3 15. 0-0 Rc8 16. Qe1 Qc5+ 17. Kh1 Nb4 18. Ned4 Nc6 19. Ne2 Nb4 20. Ned4 Nc6 21. Ne2 Nb4 22. Ned4 1/2-1/2

[Event "Andalucia-chA"]
[Site "Algeciras"]
[Date "2018.05.12"]
[Round "1"]
[White "Herrera Delgado, Alejandro"]
[Black "Barrera Martinez, Francisco"]
[Result "1-0"]
[WhiteElo "2266"]
[BlackElo "1953"]
[PlyCount "47"]
[EventDate "2018.05.12"]
[EventType "swiss"]
[EventRounds "8"]
[EventCountry "ESP"]
[SourceTitle "EXT 2020"]
[Source "ChessBase"]
[SourceDate "2019.10.17"]
[SourceVersion "1"]
[SourceVersionDate "2019.10.17"]
[SourceQuality "1"]

1. e4 c6 2. d4 d5 3. e5 c5 4. Nf3 Nc6 5. c4 cxd4 6. Nxd4 dxc4 7. Nxc6 Qxd1+ 8. Kxd1 bxc6 9. Bxc4 Bg4+ 10. f3 0-0-0+ 11. Ke2 Bh5 12. Be3 Kb7 13. Nd2 e6 14. h4 Bg6 15. Rac1 h5 16. Nb3 Nh6 17. Na5+ Kc7 18. Nxc6 Nf5 19. Bf2 Kxc6 20. Ba6+ Bc5 21. Bxc5 Ng3+ 22. Ke3 Nxh1 23. Bxa7+ Kd7 24. Bb5+ 1-0

[Event "ESP-chT CECLUB Div2 Gp2"]
[Site "Burguillos"]
[Date "2012.08.11"]
[Round "5.3"]
[White "Herrera Delgado, Alejandro"]
[Black "Moreno Ruiz, Javier"]
[Result "0-1"]
[WhiteElo "2309"]
[BlackElo "2498"]
[PlyCount "72"]
[EventDate "2012.08.08"]
[EventType "team-swiss"]
[EventRounds "6"]
[EventCountry "ESP"]
[SourceTitle "CBM 149 Extra"]
[Source "ChessBase"]
[SourceDate "2012.08.24"]
[SourceVersion "1"]
[SourceVersionDate "2012.08.24"]
[SourceQuality "1"]
[WhiteTeam "Oromana"]
[BlackTeam "Collado Villalba"]
[WhiteTeamCountry "ESP"]
[BlackTeamCountry "ESP"]

1. e4 e5 2. Nf3 Nc6 3. Bb5 Bc5 4. c3 Nf6 5. d3 0-0 6. 0-0 d6 7. h3 Ne7 8. Bg5 Ng6 9. d4 Bb6 10. Nbd2 c6 11. Ba4 h6 12. Be3 Be6 13. Re1 Nh5 14. Bb3 Nhf4 15. Nc4 Bxc4 16. Bxc4 d5 17. exd5 cxd5 18. Bf1 e4 19. Ne5 Bc7 20. Bxf4 Nxf4 21. Qg4 Ne6 22. Qf5 Qd6 23. g3 g6 24. Qg4 h5 25. Qd1 Bb6 26. Kh1 Kg7 27. f4 f6 28. Nxg6 Kxg6 29. f5+ Kxf5 30. Qxh5+ Ng5 31. Rxe4 Qxg3 32. Rg4 Qf2 33. Bg2 Rae8 34. h4 Re1+ 35. Rxe1 Qxe1+ 36. Kh2 Bc7+ 0-1

[Event "ESP-chT CECLUB Div2 Gp2"]
[Site "Burguillos"]
[Date "2012.08.09"]
[Round "2.3"]
[White "Herrera Delgado, Alejandro"]
[Black "Garcia Verd, Francisco Javier"]
[Result "1-0"]
[WhiteElo "2309"]
[BlackElo "1966"]
[PlyCount "77"]
[EventDate "2012.08.08"]
[EventType "team-swiss"]
[EventRounds "6"]
[EventCountry "ESP"]
[SourceTitle "CBM 149 Extra"]
[Source "ChessBase"]
[SourceDate "2012.08.24"]
[SourceVersion "1"]
[SourceVersionDate "2012.08.24"]
[SourceQuality "1"]
[WhiteTeam "Oromana"]
[BlackTeam "Binissalem"]
[WhiteTeamCountry "ESP"]
[BlackTeamCountry "ESP"]

1. e4 d5 2. exd5 Qxd5 3. Nc3 Qd8 4. g3 c6 5. Bg2 Bf5 6. Nge2 e6 7. 0-0 Nf6 8. d3 Be7 9. h3 h6 10. Bd2 0-0 11. Ne4 Na6 12. Rb1 Nc7 13. b4 Rb8 14. a4 a6 15. Qc1 Re8 16. Rd1 Bh7 17. Rb2 Qc8 18. c4 Nxe4 19. dxe4 Rd8 20. Bf4 Rxd1+ 21. Qxd1 Bf6 22. e5 Be7 23. Be3 Qf8 24. Qe1 Bd3 25. c5 Nd5 26. Nc1 Nxe3 27. Qxe3 Bc4 28. Rc2 Bd5 29. Bxd5 exd5 30. Nb3 Qc8 31. Kg2 Qf5 32. Nd4 Qg6 33. f4 Rd8 34. f5 Qh5 35. Rf2 Qg5 36. Qe2 h5 37. f6 gxf6 38. Nf5 Bf8 39. exf6 1-0

[Event "ESP-chT2 Gr2"]
[Site "Burguillos"]
[Date "2009.08.07"]
[Round "4"]
[White "Herrera Delgado, Alejandro"]
[Black "Carbonell Bofill, Carlos Eloy"]
[Result "0-1"]
[WhiteElo "2297"]
[BlackElo "2203"]
[PlyCount "92"]
[EventDate "2009.08.05"]
[EventType "team-swiss"]
[EventRounds "6"]
[EventCountry "ESP"]
[SourceTitle "CBM 131 Extra"]
[Source "ChessBase"]
[SourceDate "2009.09.03"]
[SourceVersion "2"]
[SourceVersionDate "2009.09.16"]
[SourceQuality "1"]

1. e4 e6 2. d4 d5 3. Nc3 Nf6 4. Bg5 dxe4 5. Nxe4 Be7 6. Bxf6 gxf6 7. Qd3 a6 8. 0-0-0 f5 9. Nc3 b5 10. Qf3 c6 11. h3 Qa5 12. Kb1 b4 13. Nce2 Nd7 14. g4 fxg4 15. hxg4 Bb7 16. Bg2 Nf6 17. Nh3 Qd5 18. Qxf6 Bxf6 19. Bxd5 cxd5 20. Nhf4 a5 21. Rh3 Ba6 22. Rdh1 Bg5 23. Rxh7 Rg8 24. f3 Ke7 25. R1h2 Kf6 26. Nh5+ Kg6 27. Nhg3 Be3 28. f4 Kf6 29. g5+ Ke7 30. R2h6 a4 31. Rf6 Rgf8 32. Nf1 Bf2 33. Rh2 Be1 34. Ne3 Bd2 35. Ng4 Rh8 36. Nh6 Rhf8 37. Nc1 Be3 38. Ne2 b3 39. Ng4 bxc2+ 40. Kxc2 Rac8+ 41. Nc3 Bxd4 42. Rfh6 a3 43. R2h3 axb2 44. Kxb2 Bf1 45. Re3 Rxc3 46. Rxc3 Rc8 0-1

[Event "ESP-chT2 Gr2"]
[Site "Burguillos"]
[Date "2009.08.06"]
[Round "3"]
[White "Herrera Delgado, Alejandro"]
[Black "Lopez Gonzalez, Daniel"]
[Result "1-0"]
[WhiteElo "2297"]
[BlackElo "2195"]
[PlyCount "65"]
[EventDate "2009.08.05"]
[EventType "team-swiss"]
[EventRounds "6"]
[EventCountry "ESP"]
[SourceTitle "CBM 131 Extra"]
[Source "ChessBase"]
[SourceDate "2009.09.03"]
[SourceVersion "2"]
[SourceVersionDate "2009.09.16"]
[SourceQuality "1"]

1. e4 c5 2. Nc3 Nc6 3. Nge2 e6 4. d4 cxd4 5. Nxd4 Qc7 6. Be2 a6 7. 0-0 b5 8. Re1 Bb7 9. Nxc6 dxc6 10. e5 Ne7 11. Bd3 Ng6 12. Qh5 0-0-0 13. Bxg6 fxg6 14. Qg4 Qf7 15. Bg5 Re8 16. Rad1 Qf5 17. Qd4 Qf7 18. Ne4 h6 19. Bd2 c5 20. Nxc5 Bxc5 21. Qxc5+ Qc7 22. Qxc7+ Kxc7 23. Ba5+ Kc8 24. Rd6 Rhf8 25. Red1 g5 26. Rd7 Bd5 27. Rxg7 Rf4 28. Rd3 Rg4 29. f3 Ra4 30. Rc3+ Kb8 31. Bc7+ Ka8 32. b3 Rxa2 33. Bd6 1-0

[Event "ESP-ch U18"]
[Site "Granada"]
[Date "2009.07.24"]
[Round "7"]
[White "Herrera Delgado, Alejandro"]
[Black "Espinosa Aranda, Angel"]
[Result "1-0"]
[WhiteElo "2297"]
[BlackElo "2350"]
[PlyCount "143"]
[EventDate "2009.07.20"]
[EventType "swiss"]
[EventRounds "9"]
[EventCountry "ESP"]
[SourceTitle "CBM 131 Extra"]
[Source "ChessBase"]
[SourceDate "2009.09.03"]
[SourceVersion "2"]
[SourceVersionDate "2009.09.16"]
[SourceQuality "1"]

1. e4 e6 2. d4 d5 3. Nc3 Nf6 4. exd5 exd5 5. Nf3 Be7 6. Bd3 0-0 7. 0-0 Bg4 8. h3 Bh5 9. Re1 c5 10. dxc5 Nbd7 11. g4 Bg6 12. Nxd5 Nxd5 13. Bxg6 Nxc5 14. Be4 Nb4 15. Qxd8 Bxd8 16. Bd2 Ba5 17. a3 Nxe4 18. Bxb4 Bxb4 19. Rxe4 Bd6 20. Rd4 Rfd8 21. Rad1 Be7 22. Rd7 Kf8 23. R1d3 Rxd7 24. Rxd7 Rb8 25. Kf1 Ke8 26. Rc7 Bd6 27. Rc3 f6 28. Rd3 Ke7 29. Nd4 g6 30. Re3+ Kd7 31. Nb5 Be5 32. Rd3+ Ke7 33. c3 a6 34. Nd4 Rc8 35. Ke2 Rc4 36. Nc2 Rc8 37. Ke3 Rc4 38. Nd4 Rc5 39. f4 Bb8 40. Kf3 Rc4 41. Re3+ Kd7 42. Ke4 Bd6 43. Rd3 Ke7 44. h4 Rc5 45. Nb3 Rc8 46. Rd5 Rc4+ 47. Rd4 Rc7 48. Nd2 Bc5 49. Rd3 Bd6 50. Kf3 Rc8 51. Rd5 Ke6 52. Ke4 Ke7 53. h5 Ke6 54. Nb3 Rc4+ 55. Rd4 Rc8 56. f5+ gxf5+ 57. gxf5+ Ke7 58. Kf3 Rg8 59. Rg4 Rxg4 60. Kxg4 Kd7 61. Nd4 Be5 62. Kf3 Bd6 63. Ke4 Be7 64. Kd5 b6 65. c4 Bd6 66. Ne6 Be5 67. b4 a5 68. bxa5 bxa5 69. a4 Bd6 70. Nc5+ Kc7 71. Ne4 Be5 72. Ke6 1-0

[Event "ESP-ch U18"]
[Site "Granada"]
[Date "2009.07.21"]
[Round "3"]
[White "Herrera Delgado, Alejandro"]
[Black "Gutierrez Valero, Mario"]
[Result "1-0"]
[WhiteElo "2297"]
[BlackElo "2024"]
[PlyCount "100"]
[EventDate "2009.07.20"]
[EventType "swiss"]
[EventRounds "9"]
[EventCountry "ESP"]
[SourceTitle "CBM 131 Extra"]
[Source "ChessBase"]
[SourceDate "2009.09.03"]
[SourceVersion "2"]
[SourceVersionDate "2009.09.16"]
[SourceQuality "1"]

1. e4 c5 2. Nc3 Nc6 3. Nge2 Nf6 4. d4 cxd4 5. Nxd4 e5 6. Ndb5 d6 7. Bg5 a6 8. Na3 b5 9. Nd5 Be7 10. Bxf6 Bxf6 11. c4 b4 12. Nc2 0-0 13. Qd3 a5 14. g3 Bg5 15. h4 Bh6 16. Bh3 Be6 17. Kf1 Rb8 18. Kg2 Qd7 19. Bf5 Ne7 20. Bxe6 fxe6 21. Nxe7+ Qxe7 22. Rad1 Rbd8 23. Qe2 Rf7 24. Rd3 Qa7 25. Ne1 Qc5 26. Nf3 Rdf8 27. b3 a4 28. Rhd1 g6 29. Rh1 Bg7 30. h5 g5 31. Rf1 h6 32. Nh2 Ra8 33. Rfd1 Bf8 34. Ng4 Rfa7 35. Rf3 Bg7 36. Qd3 Rd8 37. Qe2 Rda8 38. Rfd3 Bf8 39. R1d2 Kg7 40. f4 axb3 41. axb3 gxf4 42. gxf4 exf4 43. e5 Qc6+ 44. Kh3 Qe8 45. Nf6 Qf7 46. Qe4 Kh8 47. Rg2 Be7 48. Qxf4 Bxf6 49. Qxh6+ Qh7 50. Qxf6+ Rg7 1-0

[Event "EU-ch U16 18th"]
[Site "Herceg Novi"]
[Date "2008.09.18"]
[Round "4"]
[White "Sivuk, Vitaly"]
[Black "Herrera Delgado, Alejandro"]
[Result "1-0"]
[WhiteElo "2324"]
[BlackElo "2204"]
[PlyCount "63"]
[EventDate "2008.09.15"]
[EventType "swiss"]
[EventRounds "9"]
[EventCountry "MNE"]
[SourceTitle "CBM 126 Extra"]
[Source "ChessBase"]
[SourceDate "2008.11.05"]
[SourceVersion "1"]
[SourceVersionDate "2008.11.05"]
[SourceQuality "1"]

1. e4 c5 2. Nc3 Nc6 3. Nf3 d6 4. d4 cxd4 5. Nxd4 Nf6 6. Bg5 Bd7 7. Qd2 Rc8 8. f3 Nxd4 9. Qxd4 Qa5 10. Be3 a6 11. g4 e5 12. Qb6 Qxb6 13. Bxb6 Be6 14. 0-0-0 Be7 15. Be3 0-0 16. h4 Rc6 17. Nd5 Bxd5 18. exd5 Rc7 19. Kb1 Nd7 20. c4 a5 21. Bd3 Nc5 22. Bc2 Rb8 23. f4 exf4 24. Bxf4 b5 25. Rhe1 Bf8 26. cxb5 a4 27. Rd4 Rxb5 28. Re8 Re7 29. Rxf8+ Kxf8 30. Bxd6 a3 31. b4 Ke8 32. Bxc5 1-0

[Event "EU-ch U16 18th"]
[Site "Herceg Novi"]
[Date "2008.09.17"]
[Round "3"]
[White "Herrera Delgado, Alejandro"]
[Black "Kanmazalp, Ogulcan"]
[Result "1-0"]
[WhiteElo "2204"]
[BlackElo "2281"]
[PlyCount "89"]
[EventDate "2008.09.15"]
[EventType "swiss"]
[EventRounds "9"]
[EventCountry "MNE"]
[SourceTitle "CBM 126 Extra"]
[Source "ChessBase"]
[SourceDate "2008.11.05"]
[SourceVersion "1"]
[SourceVersionDate "2008.11.05"]
[SourceQuality "1"]

1. e4 e6 2. d4 d5 3. Nc3 Nf6 4. Bg5 Be7 5. e5 Nfd7 6. h4 Nc6 7. Qd2 Nb6 8. Rh3 f6 9. Bf4 fxe5 10. Bxe5 Nxe5 11. dxe5 Bd7 12. 0-0-0 a6 13. Nf3 Bb5 14. Nd4 Qd7 15. Ndxb5 axb5 16. Bxb5 c6 17. Be2 0-0 18. Kb1 Na4 19. Nxa4 Rxa4 20. Bd3 Raf4 21. f3 b5 22. h5 c5 23. c3 c4 24. Bc2 Qc7 25. Qe1 Kh8 26. Rd4 Qa7 27. Rxf4 Rxf4 28. Ka1 d4 29. cxd4 Qxd4 30. Rh1 b4 31. Qd1 Qxe5 32. Qd7 Qf6 33. Re1 e5 34. Qe8+ Qf8 35. Qxf8+ Bxf8 36. Rxe5 Rh4 37. a4 b3 38. Bb1 Kg8 39. Re4 Rxh5 40. Rxc4 Rh2 41. a5 Rxg2 42. a6 Rg5 43. Ra4 Bc5 44. Ra5 h6 45. f4 1-0

[Event "ESP-chT Gp1"]
[Site "Burguillos"]
[Date "2008.08.14"]
[Round "3"]
[White "Suarez Real, Alberto"]
[Black "Herrera Delgado, Alejandro"]
[Result "1-0"]
[WhiteElo "2401"]
[BlackElo "2204"]
[PlyCount "45"]
[EventDate "2008.08.13"]
[EventType "team-tourn"]
[EventRounds "6"]
[EventCountry "ESP"]
[SourceTitle "CBM 126 Extra"]
[Source "ChessBase"]
[SourceDate "2008.11.05"]
[SourceVersion "1"]
[SourceVersionDate "2008.11.05"]
[SourceQuality "1"]

1. e4 c5 2. Nf3 Nf6 3. e5 Nd5 4. d4 cxd4 5. Qxd4 e6 6. Bc4 Nc6 7. Qe4 f5 8. Qe2 Nde7 9. h4 Ng6 10. Nc3 Qa5 11. Bb5 Bb4 12. Bd2 Qc7 13. 0-0-0 0-0 14. Rhe1 d5 15. exd6 Bxd6 16. Kb1 Bd7 17. Ng5 Rf6 18. Bc4 Nge5 19. Nb5 Nd4 20. Nxc7 Nxe2 21. Nxa8 Nd4 22. Rxe5 Bxe5 23. Bc3 1-0

[Event "ESP-ch U16"]
[Site "Padron"]
[Date "2008.07.23"]
[Round "6"]
[White "Navarro Diaz, Carles"]
[Black "Herrera Delgado, Alejandro"]
[Result "0-1"]
[WhiteElo "2020"]
[BlackElo "2204"]
[PlyCount "102"]
[EventDate "2008.07.20"]
[EventType "swiss"]
[EventRounds "9"]
[EventCountry "ESP"]
[SourceTitle "EXT 2010"]
[Source "ChessBase"]
[SourceDate "2010.11.25"]
[SourceVersion "1"]
[SourceVersionDate "2010.11.25"]
[SourceQuality "1"]

1. d4 Nf6 2. c4 c5 3. d5 e6 4. Nc3 exd5 5. cxd5 d6 6. e4 g6 7. f4 Bg7 8. Bb5+ Nfd7 9. a4 0-0 10. Nf3 Na6 11. Bxa6 bxa6 12. 0-0 Rb8 13. a5 Re8 14. Qc2 Qc7 15. Re1 Rb4 16. Bd2 Qb8 17. Rab1 Nf6 18. e5 Bf5 19. Qd1 Nd7 20. Rc1 dxe5 21. Na4 Re4 22. Nxc5 Nxc5 23. Rxc5 Rxe1+ 24. Bxe1 exf4 25. Bc3 Re4 26. Ng5 Re3 27. Bxg7 Rd3 28. Qe1 Kxg7 29. b4 Re3 30. Qd2 h6 31. Nf3 Kh7 32. h3 Rd3 33. Qe1 Re3 34. Qd2 Qe8 35. Qd4 Re4 36. Qf6 Qe7 37. Qxe7 Rxe7 38. d6 Rd7 39. Rc7 Rxd6 40. Rxf7+ Kg8 41. Rxa7 g5 42. Kf2 Bd3 43. g3 Bb5 44. gxf4 gxf4 45. Re7 Rf6 46. Re4 Bc6 47. Rc4 Bb5 48. Re4 Kg7 49. Ne5 Rf5 50. Kf3 h5 51. h4 Kf6 0-1

[Event "Andalucia-ch U18"]
[Site "Motril"]
[Date "2008.03.16"]
[Round "4.1"]
[White "Herrera Delgado, Alejandro"]
[Black "Camacho Collados, Marcos"]
[Result "0-1"]
[WhiteElo "2156"]
[BlackElo "2242"]
[PlyCount "110"]
[EventDate "2008.03.14"]
[EventType "swiss"]
[EventRounds "8"]
[EventCountry "ESP"]
[SourceTitle "EXT 2024"]
[Source "ChessBase"]
[SourceDate "2023.10.10"]
[SourceVersion "1"]
[SourceVersionDate "2023.10.10"]
[SourceQuality "1"]

1. e4 c5 2. Nf3 a6 3. b4 cxb4 4. a3 bxa3 5. Nxa3 d6 6. Bc4 Nf6 7. Qe2 e6 8. d4 Be7 9. e5 dxe5 10. dxe5 Nfd7 11. 0-0 b5 12. Bd3 Bb7 13. Rd1 Qc7 14. Bf4 Nc6 15. Rd2 Nc5 16. Rad1 Na4 17. Nb1 Bb4 18. Ng5 Bxd2 19. Rxd2 0-0-0 20. Qh5 g6 21. Qh3 Nc5 22. Bf1 h6 23. Rxd8+ Nxd8 24. Nf3 Ne4 25. Bd3 Nc3 26. Nbd2 Nd5 27. Bg3 Nb4 28. Bh4 Nxd3 29. cxd3 Qc1+ 30. Nf1 b4 31. Bf6 Rg8 32. N3d2 Qc2 33. Qh4 b3 34. Qa4 Qxd3 35. Nxb3 Qe4 36. Qxe4 Bxe4 37. Nc5 Bb7 38. Ne3 Bd5 39. Nxa6 Nc6 40. Nc5 Kc7 41. f4 Ra8 42. g3 Ra1+ 43. Kf2 Ra2+ 44. Kf1 Rxh2 45. Nxd5+ exd5 46. e6 fxe6 47. Be5+ Nxe5 48. fxe5 Rh5 49. Nxe6+ Kc6 50. Nd4+ Kc5 51. Nf3 Rf5 52. Ke2 d4 53. e6 Rf6 54. e7 Re6+ 55. Kd3 Re3+ 0-1

[Event "Seville op 33rd"]
[Site "Seville"]
[Date "2008.01.12"]
[Round "9"]
[White "Fernandez Romero, Ernesto"]
[Black "Herrera Delgado, Alejandro"]
[Result "1-0"]
[WhiteElo "2462"]
[BlackElo "2162"]
[PlyCount "93"]
[EventDate "2008.01.05"]
[EventType "swiss"]
[EventRounds "9"]
[EventCountry "ESP"]
[SourceTitle "CBM 122 Extra"]
[Source "ChessBase"]
[SourceDate "2008.03.04"]
[SourceVersion "1"]
[SourceVersionDate "2008.03.04"]
[SourceQuality "1"]

1. e4 c5 2. b3 Nc6 3. Bb2 d5 4. e5 d4 5. f4 e6 6. Nf3 Nge7 7. g3 h5 8. Bg2 Nf5 9. 0-0 Be7 10. a4 Rb8 11. Na3 a6 12. Qe2 g6 13. Nc4 b5 14. axb5 axb5 15. Nh4 Nb4 16. Nxf5 gxf5 17. Na5 d3 18. cxd3 Qxd3 19. Qf2 Bd7 20. Rac1 Bd8 21. Rc3 Qd4 22. Nb7 Qxf2+ 23. Kxf2 Bb6 24. Ke2 Bc6 25. Bxc6+ Nxc6 26. Nd6+ Ke7 27. Nxb5 Nd4+ 28. Nxd4 cxd4 29. Rc6 Rhd8 30. Ba3+ Ke8 31. Bd6 Rb7 32. Ra1 Kd7 33. Rc4 Rc8 34. Kd3 h4 35. Rxc8 Kxc8 36. gxh4 Bd8 37. b4 Bxh4 38. Kxd4 Kd7 39. Kc5 f6 40. b5 fxe5 41. fxe5 f4 42. Rf1 Bg5 43. b6 f3 44. Rxf3 Bxd2 45. Bc7 Ba5 46. Rd3+ Ke7 47. Kc6 1-0